Kraje Europy bez dostępu do morza i oceanu - Statystyki

Ogólne statystyki
  • Ten quiz został rozwiązany 50 razy
  • Średni wynik to 13 z 15
Statystyki odpowiedzi
Państwo % Poprawnych
Czechy
98%
Słowacja
96%
Austria
93%
Luksemburg
91%
Andora
89%
San marino
89%
Watykan
89%
Węgry
89%
Serbia
87%
Szwajcaria
87%
Liechtenstein
83%
Macedonia Północna
83%
Białoruś
78%
Mołdawia
78%
Kosowo
76%
Nie znaleziono quizów pasujących do podanych kryteriów
Rozkład punktacji
Procent ludzi z każdym wynikiem
Percentyl według liczby udzielonych odpowiedzi
Twoja historia wyników
Nie rozwiązałeś tego quizu